| 000 | 01038nam a22003257a 4500 | ||
|---|---|---|---|
| 003 | CHAP | ||
| 005 | 20220817042056.0 | ||
| 008 | 971013s1972 r 00010 d | ||
| 010 | _a33764 | ||
| 011 | _a34736 | ||
| 035 | _a38852 | ||
| 040 | _cCHAP | ||
| 082 |
_a001.53 _bM4 |
||
| 100 | 0 | 0 |
_aMeisel, William S. _974219 |
| 245 | _aComputer-oriented approaches to pattern recognition | ||
| 260 |
_aNew York : _bAcademic Press, _c1972 |
||
| 300 | _a250 p | ||
| 490 |
_aMathematics in science and engineering _v; 83 |
||
| 590 |
_aBATCH-UPD _b10 _c20130110 _lUCH01 _h0241 |
||
| 590 |
_aBATCH-UPD _b10 _c20130110 _lUCH01 _h2055 |
||
| 590 |
_aBATCH-UPD _b10 _c20130409 _lUCH01 _h2307 |
||
| 590 |
_aBATCH-UPD _b10 _c20130914 _lUCH01 _h0930 |
||
| 590 |
_aCONVERSION _b10 _c20130109 _lUCH01 _h1319 |
||
| 650 | 1 | 4 |
_aCibernética. _923033 |
| 650 | 1 | 4 |
_aPerceptrones. _987068 |
| 830 | 0 |
_aMathematics in science and engineering _v; 83 |
|
| 901 | _aBK | ||
| 942 | _cLIBRO | ||
| 949 |
_a001.53 M4 _bBC _cLIBRO _d33724000225827 _eLIBRO _h41715 _i38852 _si _t312.00 |
||
| 999 |
_c33764 _d33764 |
||